|
|
|
|
| LEADER |
00000nam a2200000 a 4500 |
| 001 |
vtls011706640 |
| 003 |
SK-MaSNL |
| 005 |
20260301141603.0 |
| 008 |
200104s2017 xo oab d np 000 0 slo |
| 015 |
|
|
|a SNBA2017/09
|
| 020 |
|
|
|q (brož.)
|
| 035 |
|
|
|a urn:nbn:sk:snk-am00czn3
|
| 035 |
|
|
|a urn:nbn:sk:snk-am3hgmy
|
| 035 |
|
|
|a 2100063B-9DAB-4033-9F60-37F2447A3213
|
| 040 |
|
|
|a SNK
|b slo
|c SNK
|e AACR2
|
| 041 |
0 |
|
|a slo
|
| 044 |
|
|
|a xo
|c SK
|
| 072 |
|
7 |
|a 574
|x Všeobecná ekológia
|2 konspekt
|
| 080 |
|
|
|a 574
|2 2011
|
| 080 |
|
|
|a (075.3)
|2 2011
|
| 245 |
0 |
0 |
|a Ekológia
|b interaktívna učebnica
|c [autorský kolektív: Veronika Porembová ... [et al.]]
|
| 260 |
|
|
|a [Bratislava
|b MarDur
|c 2017]
|
| 300 |
|
|
|a 64 s.
|b fotogr., ilustr., mp., tab.
|c 24 cm
|
| 500 |
|
|
|a Vydav. údaje podľa ISBN
|
| 500 |
|
|
|a Vydané pre Gymnázium Lipany
|
| 504 |
|
|
|a Bibliogr.: s. 60-64
|
| 650 |
0 |
7 |
|a ekológia
|2 SNKPH
|9 785
|
| 650 |
0 |
7 |
|a Ecology
|2 SNKPHeng
|9 265189
|
| 655 |
|
7 |
|a učebnice stredných škôl
|2 SNKPH
|9 69323
|
| 655 |
|
7 |
|a Secondary school textbooks
|2 SNKPHeng
|9 135487
|
| 700 |
1 |
|
|a Porembová, Veronika
|4 aut
|9 495869
|
| 700 |
1 |
|
|a Heredošová, Zuzana
|4 aut
|9 495870
|
| 700 |
1 |
|
|a Vavreková, Petronela
|4 aut
|9 495871
|
| 700 |
1 |
|
|a Miková, Marta
|4 aut
|9 495872
|
| 700 |
1 |
|
|a Lazoríková, Gabriela
|4 aut
|9 495873
|
| 710 |
2 |
|
|a Gymnázium (Lipany, Slovensko)
|4 pbl
|9 495874
|
| 958 |
|
|
|a NB
|
| 999 |
|
|
|c 767631
|d 769561
|
| 952 |
|
|
|a SNK
|b SNK
|y PREZ
|7 0
|p 17A1270051
|o snkSC 175867
|i snk2017/18304
|8 0
|0 0
|1 0
|4 0
|d 2017-08-14
|f 1
|l 0
|r 2025-09-17 00:00:00
|w 2026-02-24
|
| 952 |
|
|
|a SNK
|b SNK
|y VYP
|7 0
|p 17A1270050
|o snkSC 175867 D1
|i snk2017/18305
|8 0
|0 0
|1 0
|4 0
|d 2017-08-14
|l 0
|r 2026-02-24 00:24:30
|w 2026-02-24
|